[Event "Cto de Aragon por Equipos D. Honor"]
[Site "?"]
[Date "2020.01.25"]
[Round "1.25"]
[White "Zambrana Petisme, Ramiro"]
[Black "Garcia Fernandez, Javier"]
[Result "1/2-1/2"]
[WhiteElo "2107"]
[BlackElo "2171"]
[PlyCount "118"]
[EventDate "2020.01.25"]
[WhiteTeam "Palacio De Pioneros B"]
[BlackTeam "Teruel"]

1. e4 e5 2. Nf3 Nc6 3. Bc4 Nf6 4. d3 Bc5 5. c3 a6 6. Nbd2 d6 7. Nf1 O-O 8. Ng3
Ba7 9. Bb3 h6 10. O-O Re8 11. Be3 Be6 12. Re1 Bxe3 13. fxe3 d5 14. exd5 Nxd5
15. d4 Nf6 16. Qc2 Bg4 17. h3 Bxf3 18. gxf3 Na5 19. Rad1 Qc8 20. Kh2 Nxb3 21.
Qxb3 e4 22. f4 c6 23. Rg1 Qe6 24. c4 b5 25. d5 bxc4 26. dxe6 cxb3 27. exf7+
Kxf7 28. Nf5 bxa2 29. Nd6+ Kf8 30. Nxe8 Rxe8 31. Ra1 Nd5 32. Rxa2 Nxe3 33. Rxa6
Rb8 34. Rxc6 Rxb2+ 35. Kh1 Rf2 36. Rc8+ Kf7 37. Rc7+ Kf6 38. Rgxg7 Rf1+ 39. Kh2
Rf2+ 40. Kh1 Rf1+ 41. Rg1 Rxf4 42. Rc6+ Ke5 43. Rxh6 Nf5 44. Ra6 e3 45. Ra3 Rf2
46. Rg2 Rf1+ 47. Kh2 Kf4 48. h4 Kf3 49. h5 Rf2 50. Rxf2+ Kxf2 51. Kh3 e2 52.
Ra2 Kf3 53. Rxe2 Kxe2 54. Kg4 Nh6+ 55. Kg5 Nf7+ 56. Kf6 Nh6 57. Kg6 Ng4 58. Kg5
Kf3 59. h6 Nxh6 1/2-1/2

[Event "Cto de Aragon por Equipos D. Honor"]
[Site "?"]
[Date "2020.01.25"]
[Round "1.26"]
[White "Dominguez Bujeda, Jesus"]
[Black "Colom Sienes, Eduardo"]
[Result "1-0"]
[WhiteElo "2079"]
[BlackElo "2074"]
[PlyCount "43"]
[EventDate "2020.01.25"]
[WhiteTeam "Teruel"]
[BlackTeam "Palacio De Pioneros B"]

1. d4 e6 2. c4 b6 3. Nf3 Bb7 4. g3 Bb4+ 5. Bd2 Bxd2+ 6. Qxd2 f5 7. Bg2 Nf6 8.
O-O O-O 9. Nc3 d6 10. d5 e5 11. Ng5 Qe7 12. Ne6 Rf7 13. Rae1 Na6 14. e4 Nxe4
15. Nxe4 fxe4 16. Rxe4 Nc5 17. Rh4 Nxe6 18. dxe6 Rf3 19. Bxf3 Bxf3 20. Qd3 g5
21. Qxf3 gxh4 22. Qxa8+ 1-0

[Event "Cto de Aragon por Equipos D. Honor"]
[Site "?"]
[Date "2020.01.25"]
[Round "1.27"]
[White "Gomez Salinas, Nestor"]
[Black "Gomez Calomarde, Saul"]
[Result "0-1"]
[WhiteElo "2029"]
[BlackElo "2030"]
[PlyCount "67"]
[EventDate "2020.01.25"]
[WhiteTeam "Palacio De Pioneros B"]
[BlackTeam "Teruel"]

1. g4 d5 2. Bg2 c6 3. h3 e5 4. d4 e4 5. c4 Bd6 6. Nc3 Ne7 7. Bg5 f6 8. Bd2 a6
9. Qb3 Be6 10. c5 Bc7 11. Bxe4 Nd7 12. Bf3 b6 13. Na4 bxc5 14. Nxc5 Nxc5 15.
dxc5 Rb8 16. Qc2 Ng6 17. b4 O-O 18. Qa4 Qd7 19. Rd1 f5 20. g5 Nh4 21. a3 f4 22.
Qxa6 Rbe8 23. Bc1 Be5 24. Qd3 Bf5 25. Qd2 Qe7 26. Bb2 Qxg5 27. Kf1 Be4 28. Bxe4
dxe4 29. Rh2 e3 30. Qc2 f3 31. Bxe5 Qxe5 32. Qc4+ Kh8 33. Qxh4 Qxh2 34. exf3
0-1

[Event "Cto de Aragon por Equipos D. Honor"]
[Site "?"]
[Date "2020.01.25"]
[Round "1.28"]
[White "Martin Catalan, Juan Vicente"]
[Black "Sacristan Latorre, Carlos"]
[Result "1-0"]
[WhiteElo "1977"]
[BlackElo "1663"]
[PlyCount "79"]
[EventDate "2020.01.25"]
[WhiteTeam "Teruel"]
[BlackTeam "Palacio De Pioneros B"]

1. d4 Nf6 2. Bf4 g6 3. e3 Bg7 4. Be2 d6 5. h3 O-O 6. Nf3 Nfd7 7. c4 e5 8. Bh2
Nc6 9. O-O f5 10. Nc3 Kh8 11. Rc1 g5 12. dxe5 dxe5 13. Nd2 f4 14. Nde4 h6 15.
Nd5 Ne7 16. b3 Nb6 17. Ndc3 c6 18. Qxd8 Rxd8 19. Rfd1 Rf8 20. Nd6 Nf5 21. Nxf5
Bxf5 22. e4 Bg6 23. Rd6 Bf7 24. Rcd1 Rfe8 25. Bg4 Bf8 26. R6d3 Kg7 27. Kf1 Kf6
28. Bg1 Be7 29. f3 Bg6 30. c5 Nc8 31. Rd7 h5 32. Bf5 Bxf5 33. exf5 b6 34. Rc7
Kxf5 35. Rxc6 bxc5 36. Ne4 Rf8 37. Bxc5 Bxc5 38. Rxc5 Nb6 39. Rc6 Rac8 40. Nd6+
1-0

[Event "Cto de Aragon por Equipos D. Honor"]
[Site "?"]
[Date "2020.01.25"]
[Round "1.29"]
[White "Palacios Herrero, Pablo"]
[Black "Cid Royo, Jonathan"]
[Result "1-0"]
[WhiteElo "2221"]
[BlackElo "2219"]
[PlyCount "77"]
[EventDate "2020.01.25"]
[WhiteTeam "Palacio De Pioneros A"]
[BlackTeam "L'Aurora"]

1. e4 c5 2. Nf3 d6 3. Bb5+ Bd7 4. Bxd7+ Nxd7 5. O-O Ngf6 6. Re1 e5 7. d3 h6 8.
Nbd2 Be7 9. Nf1 O-O 10. c3 Re8 11. Ng3 Bf8 12. h3 Qc7 13. c4 g6 14. Nh2 Bg7 15.
f4 exf4 16. Bxf4 Ne5 17. Rf1 Nfd7 18. Qd2 Kh7 19. Ne2 Rf8 20. Bg3 Qc6 21. Nc3
a6 22. a4 b6 23. Kh1 Rae8 24. Rf2 Nf6 25. Nf3 Nh5 26. Bh2 f5 27. Nxe5 dxe5 28.
Nd5 f4 29. Qe2 Qd6 30. a5 bxa5 31. Rxa5 Rb8 32. Rf1 Ng3+ 33. Bxg3 fxg3 34. Raa1
h5 35. Rxf8 Rxf8 36. Qe3 h4 37. Qg5 Qd8 38. Ne7 Rf6 39. Qxh4+ 1-0

[Event "Cto de Aragon por Equipos D. Honor"]
[Site "?"]
[Date "2020.01.25"]
[Round "1.30"]
[White "Cid Royo, Oscar"]
[Black "Romero Pallares, Daniel"]
[Result "1-0"]
[WhiteElo "2021"]
[BlackElo "2184"]
[PlyCount "105"]
[EventDate "2020.01.25"]
[WhiteTeam "L'Aurora"]
[BlackTeam "Palacio De Pioneros A"]

1. d4 d6 2. c4 g6 3. Nc3 Bg7 4. e4 e5 5. Be3 exd4 6. Bxd4 Nf6 7. Nd5 O-O 8.
Nxf6+ Bxf6 9. Bxf6 Qxf6 10. Qd2 Re8 11. f3 b5 12. cxb5 d5 13. Qxd5 Rd8 14. Qb3
a6 15. Qc3 Qg5 16. Ne2 axb5 17. h4 Qe7 18. h5 b4 19. Qe3 g5 20. h6 Nc6 21. Rh5
f6 22. Rc1 Ne5 23. Nd4 Kh8 24. Be2 Rxa2 25. Qb3 Ra5 26. Qe3 Ra8 27. Nb5 c6 28.
Nd4 c5 29. Nb3 c4 30. Nd4 Be6 31. g3 Qd6 32. Nxe6 Qxe6 33. Rh2 Nd3+ 34. Bxd3
Rxd3 35. Qc5 Rc8 36. Qf2 g4 37. Rd1 Rxf3 38. Qa7 Qxe4+ 39. Re2 Rf1+ 40. Kxf1
Qh1+ 41. Qg1 Qf3+ 42. Ke1 c3 43. Qg2 c2 44. Rxc2 Re8+ 45. Re2 Rxe2+ 46. Qxe2
Qxg3+ 47. Qf2 Qe5+ 48. Kf1 Kg8 49. Rd8+ Kf7 50. Qa7+ Kg6 51. Rg8+ Kh5 52. Qf2
f5 53. Kg1 1-0

[Event "Cto de Aragon por Equipos D. Honor"]
[Site "?"]
[Date "2020.01.25"]
[Round "1.31"]
[White "Baquedano Coarasa, Pablo"]
[Black "Felez Casedas, Carlos"]
[Result "1-0"]
[WhiteElo "2163"]
[BlackElo "1971"]
[PlyCount "53"]
[EventDate "2020.01.25"]
[WhiteTeam "Palacio De Pioneros A"]
[BlackTeam "L'Aurora"]

1. d4 d5 2. c4 e6 3. Nc3 Be7 4. Nf3 Nf6 5. e3 O-O 6. b3 c5 7. Bb2 Nc6 8. Bd3 b6
9. O-O Bb7 10. Rc1 Rc8 11. a3 dxc4 12. bxc4 cxd4 13. exd4 Na5 14. Ne5 Nd7 15.
Qe2 Nxe5 16. dxe5 Qc7 17. Nb5 Qb8 18. Qg4 Rcd8 19. Rcd1 Bc6 20. Nd6 Nb7 21. h4
g6 22. h5 Nxd6 23. exd6 f5 24. Qf4 Bxd6 25. Qh6 Rf7 26. hxg6 hxg6 27. Qh8# 1-0

[Event "Cto de Aragon por Equipos D. Honor"]
[Site "?"]
[Date "2020.01.25"]
[Round "1.32"]
[White "Fuentes Espuna, Juan Antonio"]
[Black "Dan, Teodor"]
[Result "0-1"]
[WhiteElo "1963"]
[BlackElo "2094"]
[PlyCount "94"]
[EventDate "2020.01.25"]
[WhiteTeam "L'Aurora"]
[BlackTeam "Palacio De Pioneros A"]

1. d4 g6 2. c4 Nf6 3. Nc3 Bg7 4. g3 O-O 5. Bg2 d6 6. Nf3 Nc6 7. O-O a6 8. Bg5
h6 9. Bxf6 Bxf6 10. Qd2 Bg7 11. Rad1 Rb8 12. a4 Bg4 13. h3 Bxf3 14. Bxf3 Nxd4
15. Bg2 a5 16. e3 Nb3 17. Qc2 Nc5 18. Nd5 c6 19. Nf4 Qb6 20. Rb1 Rfd8 21. b3 e6
22. Nd3 Na6 23. Rfd1 Rbc8 24. Rdc1 Rc7 25. c5 dxc5 26. Nxc5 Nb4 27. Qc4 Bf8 28.
Ne4 Be7 29. Qe2 Rcd7 30. Rd1 Nd5 31. Rdc1 Nb4 32. Qf3 f5 33. Nc3 Bf6 34. g4 Nd3
35. Rc2 Qb4 36. Na2 Qe7 37. gxf5 exf5 38. Bf1 Ne5 39. Qg2 Rd2 40. Rbc1 Bh4 41.
Nc3 Bxf2+ 42. Kh1 Bxe3 43. Bc4+ Kh7 44. Ne2 Rxc2 45. Rxc2 Rd1+ 46. Kh2 Ng4+ 47.
Kg3 Qe5+ 0-1

[Event "Cto de Aragon por Equipos Preferente"]
[Site "?"]
[Date "2020.01.25"]
[Round "1.33"]
[White "Carrasquer Alonso, Luis"]
[Black "Malo Guillen, Jose Luis"]
[Result "0-1"]
[WhiteElo "1818"]
[BlackElo "2099"]
[PlyCount "94"]
[EventDate "2020.??.??"]
[WhiteTeam "Jaque B"]
[BlackTeam "Las Fuentes A"]

1. e4 e5 2. Nf3 Nc6 3. Bb5 Nge7 4. d3 g6 5. Bg5 Bg7 6. Nc3 h6 7. Bh4 g5 8. Bg3
a6 9. Ba4 b5 10. Bb3 d6 11. h3 Be6 12. Nd5 Bxd5 13. exd5 Na5 14. c3 f5 15. Nd2
O-O 16. Qf3 Nxb3 17. axb3 Qe8 18. O-O Qf7 19. c4 Ng6 20. Ra2 e4 21. dxe4 f4 22.
Bh2 Ne5 23. Qe2 Qd7 24. Nf3 c5 25. Nxe5 Bxe5 26. Qg4 Qxg4 27. hxg4 Rfb8 28. Rb1
bxc4 29. bxc4 Rb4 30. b3 Rab8 31. Kf1 Rxc4 32. f3 Rcb4 33. Ke2 Rxb3 34. Rxb3
Rxb3 35. Bg1 Rb6 36. Bf2 Kf7 37. Be1 Kg6 38. Kd3 h5 39. Ba5 Rb3+ 40. Kc2 Re3
41. Bd2 Re2 42. Rxa6 hxg4 43. Ra8 Rxg2 44. Rg8+ Kf7 45. Rxg5 gxf3 46. Rf5+ Kg6
47. Kd3 c4+ 0-1

[Event "Cto de Aragon por Equipos Preferente"]
[Site "?"]
[Date "2020.01.25"]
[Round "1.34"]
[White "Alonso Blasco, Jose Miguel"]
[Black "Yanez Acin, Gonzalo"]
[Result "1-0"]
[WhiteElo "1955"]
[BlackElo "1638"]
[PlyCount "69"]
[EventDate "2020.??.??"]
[WhiteTeam "Las Fuentes A"]
[BlackTeam "Jaque B"]

1. e4 Nf6 2. e5 Nd5 3. d4 d6 4. Nf3 Bg4 5. Be2 e6 6. h3 Bh5 7. O-O Bg6 8. c4
Nb6 9. Nc3 Be7 10. Be3 O-O 11. Rc1 f5 12. exd6 cxd6 13. c5 N6d7 14. cxd6 Bxd6
15. Nb5 Nf6 16. Qb3 Nd5 17. Bg5 Qd7 18. Nxd6 Qxd6 19. Ne5 Nd7 20. Nxg6 hxg6 21.
Bf3 N7f6 22. Rfe1 Rac8 23. Rxc8 Rxc8 24. Bxf6 gxf6 25. Qxb7 Rc7 26. Qb8+ Kg7
27. g3 a5 28. Bxd5 exd5 29. Kg2 f4 30. Re8 fxg3 31. Rh8 f5 32. Rd8 Qc6 33. Rg8+
Kh7 34. Rh8+ Kg7 35. Qf8# 1-0

[Event "Cto de Aragon por Equipos Preferente"]
[Site "?"]
[Date "2020.01.25"]
[Round "1.35"]
[White "Belenguer Randet, Jesus"]
[Black "Matamoros Villarreal, Antonio"]
[Result "1/2-1/2"]
[WhiteElo "1635"]
[BlackElo "1912"]
[PlyCount "53"]
[EventDate "2020.??.??"]
[WhiteTeam "Jaque B"]
[BlackTeam "Las Fuentes A"]

1. d4 Nf6 2. Bf4 b6 3. Nf3 Bb7 4. e3 g6 5. Be2 Bg7 6. Nbd2 d6 7. h3 O-O 8. O-O
Nbd7 9. c4 c5 10. Rc1 Re8 11. b3 e5 12. dxe5 dxe5 13. Bh2 e4 14. Ne1 Qe7 15.
Nb1 Ne5 16. Nc3 Rad8 17. Qc2 Rd7 18. Qb1 Red8 19. Nc2 Ne8 20. Nd5 Bxd5 21. cxd5
Rxd5 22. Rfd1 Rd2 23. Bb5 Nc7 24. Bf1 Qd7 25. Be2 Qe7 26. Bf1 Qd7 27. Be2
1/2-1/2

[Event "Cto de Aragon por Equipos Preferente"]
[Site "?"]
[Date "2020.01.25"]
[Round "1.36"]
[White "Querol Soro, Sergio"]
[Black "Huerva Lacuna, Isidro"]
[Result "1-0"]
[WhiteElo "1870"]
[BlackElo "1600"]
[PlyCount "39"]
[EventDate "2020.??.??"]
[WhiteTeam "Las Fuentes A"]
[BlackTeam "Jaque B"]

1. b4 Nf6 2. Bb2 d5 3. e3 e6 4. a3 a6 5. Nf3 Be7 6. c4 c6 7. Nc3 O-O 8. Be2
Nbd7 9. O-O Bd6 10. Rc1 Re8 11. d4 e5 12. dxe5 Nxe5 13. cxd5 Nxf3+ 14. Bxf3 Bf5
15. dxc6 Be4 16. Nxe4 Rxe4 17. Bxf6 Rh4 18. Bxd8 Bxh2+ 19. Kh1 Rh6 20. Bg5 1-0

[Event "Cto de Aragon por Equipos Preferente"]
[Site "?"]
[Date "2020.01.25"]
[Round "1.37"]
[White "Hinojar Basa, Alfonso"]
[Black "Lopez Caudevilla, David"]
[Result "1/2-1/2"]
[WhiteElo "2170"]
[BlackElo "2163"]
[PlyCount "83"]
[EventDate "2020.??.??"]
[WhiteTeam "Marcos Frechin A"]
[BlackTeam "Actur Rey Fernando"]

1. e4 g6 2. d4 Bg7 3. Nc3 c6 4. Bc4 b5 5. Bb3 b4 6. Nce2 Nf6 7. Ng3 a5 8. c4
bxc3 9. bxc3 d5 10. e5 Ng4 11. h3 Nh6 12. N1e2 O-O 13. O-O f6 14. f4 fxe5 15.
fxe5 Nf5 16. Nxf5 Bxf5 17. Ng3 Be6 18. Rxf8+ Qxf8 19. Bg5 Nd7 20. Qd2 Qb8 21.
Bxe7 Nxe5 22. dxe5 Qa7+ 23. Qd4 Qxe7 24. Re1 Qg5 25. Nf1 Re8 26. Re3 Rf8 27. h4
Qf4 28. Re1 Rf5 29. g3 Qh6 30. c4 g5 31. cxd5 cxd5 32. hxg5 Rxg5 33. Bxd5 Bf8
34. Qc4 Bxd5 35. Qxd5+ Kh8 36. Qf7 Bc5+ 37. Kg2 Qc6+ 38. Qf3 Qe6 39. Qf6+ Qxf6
40. exf6 Kg8 41. Re6 Rf5 42. Ne3 1/2-1/2

[Event "Cto de Aragon por Equipos Preferente"]
[Site "?"]
[Date "2020.01.25"]
[Round "1.38"]
[White "Abos Rosico, Antonio"]
[Black "Jario Garcia, Ricardo"]
[Result "1/2-1/2"]
[WhiteElo "2083"]
[BlackElo "2078"]
[PlyCount "71"]
[EventDate "2020.??.??"]
[WhiteTeam "Actur Rey Fernando"]
[BlackTeam "Marcos Frechin A"]

1. e4 c5 2. d4 cxd4 3. c3 d5 4. exd5 Qxd5 5. cxd4 g6 6. Nf3 Bg7 7. Nc3 Qd8 8.
Bc4 Nc6 9. O-O Nh6 10. d5 Na5 11. Bb5+ Bd7 12. Bxh6 Bxh6 13. Bxd7+ Qxd7 14. Qd4
O-O 15. Ne5 Qd8 16. Rad1 Bg7 17. f4 b6 18. Rf3 Nb7 19. Qf2 Qd6 20. Ne4 Qb4 21.
Rd4 Qb5 22. Rd1 Nd6 23. Nc3 Qc5 24. Qxc5 bxc5 25. Nc6 Rfe8 26. g4 f5 27. h3 a6
28. Na4 c4 29. Nb6 Bxb2 30. Nxa8 Rxa8 31. Nxe7+ Kf8 32. Nc6 Re8 33. gxf5 gxf5
34. Nd4 Re4 35. Ne6+ Ke7 36. Rf2 1/2-1/2

[Event "Cto de Aragon por Equipos Preferente"]
[Site "?"]
[Date "2020.01.25"]
[Round "1.39"]
[White "Ciriano Lamban, Alejandro"]
[Black "Garcia Alvarez, Sergio"]
[Result "1-0"]
[WhiteElo "2043"]
[BlackElo "1666"]
[PlyCount "67"]
[EventDate "2020.??.??"]
[WhiteTeam "Marcos Frechin A"]
[BlackTeam "Actur Rey Fernando"]

1. e4 Nf6 2. Nc3 d6 3. d4 g6 4. Be3 c6 5. Qd2 Qa5 6. f3 b5 7. Nge2 Be6 8. Nf4
Bg7 9. Nxe6 fxe6 10. Bd3 Nbd7 11. O-O O-O 12. a4 b4 13. Ne2 e5 14. Rad1 a6 15.
dxe5 Nxe5 16. Nd4 c5 17. Ne6 Nxd3 18. Qxd3 Rf7 19. Qc4 h6 20. Nxg7 Kxg7 21.
Bxh6+ Kg8 22. b3 Qb6 23. Be3 Kg7 24. Bh6+ Kg8 25. Qe6 c4+ 26. Kh1 cxb3 27. cxb3
Qd8 28. e5 d5 29. exf6 exf6 30. Rxd5 Qc7 31. Rfd1 g5 32. Rd7 Ra7 33. Qxf7+ Kh8
34. Qg7# 1-0

[Event "Cto de Aragon por Equipos Preferente"]
[Site "?"]
[Date "2020.01.25"]
[Round "1.40"]
[White "Soria Villen, Alejandro"]
[Black "Ruiperez Gumiel, Ramon"]
[Result "0-1"]
[WhiteElo "1468"]
[BlackElo "1889"]
[PlyCount "67"]
[EventDate "2020.??.??"]
[WhiteTeam "Actur Rey Fernando"]
[BlackTeam "Marcos Frechin A"]

1. d4 g6 2. e4 Bg7 3. Nf3 f6 4. Bc4 e6 5. Be3 Nh6 6. h3 Nf7 7. Qd2 d5 8. exd5
exd5 9. Bb3 O-O 10. Nc3 c6 11. O-O-O b5 12. Kb1 a5 13. a4 b4 14. Ne2 Nd7 15.
Nc1 Nb6 16. Nd3 Nc4 17. Bxc4 dxc4 18. Nc5 Qd5 19. c3 Bf5+ 20. Ka1 Rfb8 21. Bf4
Nd6 22. g4 Be4 23. Nxe4 Nxe4 24. Qe3 bxc3 25. Bxb8 cxb2+ 26. Kb1 Rxb8 27. Rhe1
f5 28. gxf5 gxf5 29. Nd2 Re8 30. Rg1 Kh8 31. Nf3 c3 32. Kc2 Rb8 33. Qf4 Qb3+
34. Kb1 0-1

[Event "Cto de Aragon por Equipos Preferente"]
[Site "?"]
[Date "2020.01.25"]
[Round "1.41"]
[White "Vallverdu Miret, Oscar"]
[Black "Romon Poves, Raul"]
[Result "1-0"]
[WhiteElo "2098"]
[BlackElo "2237"]
[PlyCount "105"]
[EventDate "2020.??.??"]
[WhiteTeam "Fraga"]
[BlackTeam "Shatranj"]

1. d4 f5 2. Nf3 Nf6 3. e3 g6 4. h4 Bg7 5. h5 Nxh5 6. Rxh5 gxh5 7. Ng5 O-O 8.
Qxh5 h6 9. Nh3 Qe8 10. Qh4 e6 11. Nd2 Nc6 12. c3 Ne7 13. Be2 Qf7 14. Nf3 d6 15.
Bd2 Qf6 16. Qxf6 Bxf6 17. O-O-O e5 18. dxe5 dxe5 19. Bc4+ Kg7 20. Rh1 Bd7 21.
e4 fxe4 22. Ne1 Bc6 23. f3 Rh8 24. fxe4 Bxe4 25. Nf3 Bd5 26. Bxd5 Nxd5 27. Nf2
Nf4 28. Ne4 h5 29. g3 Ne6 30. Re1 Rad8 31. Kc2 Rd5 32. Rf1 Rf8 33. Rh1 Kg6 34.
g4 hxg4 35. Rg1 Rfd8 36. Rxg4+ Kf5 37. Nf2 R8d7 38. c4 Nd4+ 39. Kc3 Nxf3 40.
cxd5 e4+ 41. Kc2 Rxd5 42. Rf4+ Kg6 43. Nxe4 Rxd2+ 44. Nxd2 Nxd2 45. Ra4 Nf3 46.
Rxa7 Nd4+ 47. Kd3 b5 48. Rxc7 Kf5 49. Rf7 Nc6 50. Rh7 Nd4 51. b3 Ke6 52. Rh6
Ke7 53. Rxf6 1-0

[Event "Cto de Aragon por Equipos Preferente"]
[Site "?"]
[Date "2020.01.25"]
[Round "1.42"]
[White "Franco Ibanez, Carlos"]
[Black "Aribau Rivas, Miguel Angel"]
[Result "1/2-1/2"]
[WhiteElo "1936"]
[BlackElo "2026"]
[PlyCount "61"]
[EventDate "2020.??.??"]
[WhiteTeam "Shatranj"]
[BlackTeam "Fraga"]

1. d4 Nf6 2. c4 e6 3. Nc3 Bb4 4. Qc2 b6 5. a3 Bxc3+ 6. Qxc3 Bb7 7. Bg5 h6 8.
Bh4 g5 9. Bg3 Ne4 10. Qc2 h5 11. f3 Nxg3 12. hxg3 c5 13. dxc5 Qc7 14. O-O-O
Qxc5 15. Qc3 Rg8 16. e3 g4 17. b4 Qc7 18. f4 a5 19. Rxh5 axb4 20. axb4 Nc6 21.
Qb3 Ra1+ 22. Kb2 Rxd1 23. Qxd1 Nxb4 24. Qd4 Nc6 25. Qc3 Na5 26. c5 Bd5 27. Rh8
Kf8 28. Qf6 Rxh8 29. Qxh8+ Ke7 30. Qh4+ Ke8 31. Qh8+ 1/2-1/2

[Event "Cto de Aragon por Equipos Preferente"]
[Site "?"]
[Date "2020.01.25"]
[Round "1.44"]
[White "Ballonga Arruebo, Alejandro"]
[Black "Casas Chine, German"]
[Result "1-0"]
[WhiteElo "1677"]
[BlackElo "1787"]
[PlyCount "41"]
[EventDate "2020.??.??"]
[WhiteTeam "Shatranj"]
[BlackTeam "Fraga"]

1. c4 c5 2. Nc3 Nc6 3. Nf3 g6 4. g3 Bg7 5. Bg2 Nh6 6. d3 Nf5 7. Bd2 O-O 8. Qc1
Nfd4 9. Bh6 Nxf3+ 10. Bxf3 Nd4 11. Bxg7 Nxf3+ 12. exf3 Kxg7 13. h4 h5 14. Qg5
d6 15. O-O-O e6 16. Qe3 Bd7 17. g4 Rh8 18. d4 b6 19. dxc5 dxc5 20. Qe5+ f6 21.
Qd6 1-0

[Event "Cto de Aragon por Equipos Preferente"]
[Site "?"]
[Date "2020.01.25"]
[Round "1.45"]
[White "Palacios Latasa, Elias"]
[Black "Maza Broto, Pablo"]
[Result "1-0"]
[WhiteElo "2176"]
[BlackElo "2039"]
[PlyCount "89"]
[EventDate "2020.??.??"]
[WhiteTeam "IberCaja B"]
[BlackTeam "Jaime Casas B"]

1. e4 e6 2. d4 d5 3. Nc3 Bb4 4. e5 c5 5. Nf3 Nc6 6. dxc5 Nge7 7. Bd3 d4 8. a3
dxc3 9. axb4 cxb2 10. Bxb2 Nxb4 11. O-O Nxd3 12. cxd3 O-O 13. Ng5 Bd7 14. Qh5
h6 15. Ne4 Bc6 16. Nd6 Ng6 17. f4 Qh4 18. Qxh4 Nxh4 19. Rf2 Rfd8 20. Bc3 Nf5
21. Rb2 Nxd6 22. exd6 Rd7 23. Kf2 a6 24. g4 Bd5 25. Ba5 Re8 26. Re1 Rc8 27. Bc7
Kh7 28. Rb6 Kg6 29. Reb1 Rdxc7 30. dxc7 Rxc7 31. d4 Kf6 32. Re1 g6 33. Re3 Rc8
34. Re5 Kg7 35. f5 a5 36. fxe6 fxe6 37. Rxd5 exd5 38. Rxb7+ Kf6 39. Ra7 Kg5 40.
Kg3 Re8 41. h4+ Kf6 42. Rxa5 Re3+ 43. Kf2 Re4 44. c6 Rxd4 45. Rc5 1-0

[Event "Cto de Aragon por Equipos Preferente"]
[Site "?"]
[Date "2020.01.25"]
[Round "1.47"]
[White "Barranco Castillo, Jose Antonio"]
[Black "Salas Latorre, Jose"]
[Result "0-1"]
[WhiteElo "1612"]
[BlackElo "1749"]
[PlyCount "106"]
[EventDate "2020.??.??"]
[WhiteTeam "IberCaja B"]
[BlackTeam "Jaime Casas B"]

1. Nf3 d5 2. g3 Nf6 3. Bg2 Bf5 4. d3 e6 5. O-O Be7 6. Nbd2 O-O 7. h3 Bg6 8. Ne5
Nbd7 9. Nxg6 hxg6 10. e4 c6 11. Qe2 Qc7 12. Re1 Bd6 13. c3 Qb6 14. Nf1 dxe4 15.
dxe4 Rad8 16. Ne3 Qc7 17. Nc4 e5 18. Nxd6 Qxd6 19. Bg5 Nc5 20. Rad1 Qe7 21. h4
Ne6 22. Be3 b6 23. Bf3 Rxd1 24. Rxd1 Rd8 25. b4 Rxd1+ 26. Qxd1 Qd7 27. Qe2 c5
28. b5 Nd8 29. Bg5 Qe6 30. a4 Nb7 31. Qd3 Qd6 32. Be2 Qxd3 33. Bxd3 Nd6 34. f3
Nd7 35. Bc1 f6 36. Kf2 Kf7 37. Ke3 Ke6 38. f4 f5 39. Kf3 c4 40. Bc2 Nc5 41.
exf5+ gxf5 42. fxe5 Kxe5 43. Bf4+ Ke6 44. Bxd6 Kxd6 45. Kf4 g6 46. h5 Ne6+ 47.
Ke3 gxh5 48. Bxf5 Ke5 49. Bxe6 Kxe6 50. Ke4 Kf6 51. Kf4 Kg6 52. g4 h4 53. g5 h3
0-1

[Event "Cto de Aragon por Equipos Preferente"]
[Site "?"]
[Date "2020.01.25"]
[Round "1.48"]
[White "Buil Rello, Jose Antonio"]
[Black "Garcia Acin, Pablo"]
[Result "1-0"]
[WhiteElo "1699"]
[BlackElo "1572"]
[PlyCount "119"]
[EventDate "2020.??.??"]
[WhiteTeam "Jaime Casas B"]
[BlackTeam "IberCaja B"]

1. e4 c5 2. Nf3 d6 3. d4 Nf6 4. Bd3 cxd4 5. Nxd4 e5 6. Ne2 Be6 7. c4 Nbd7 8.
Nbc3 Be7 9. O-O O-O 10. f3 Rc8 11. b3 a6 12. Be3 Nc5 13. Rc1 Nfd7 14. Qd2 f5
15. exf5 Nxd3 16. Qxd3 Bxf5 17. Qd2 Nc5 18. Qd5+ Be6 19. Qd2 b6 20. Ng3 Qd7 21.
Rfd1 Rfd8 22. Nge4 Qb7 23. Ng5 h6 24. Nxe6 Nxe6 25. Qd5 Qd7 26. Bxb6 Rf8 27.
Qxe5 Rc6 28. Be3 Bf6 29. Qd5 Kh8 30. Ne4 Be7 31. Nc5 Nxc5 32. Bxc5 Rf5 33. Qe4
Rfxc5 34. b4 Rf5 35. c5 d5 36. g4 Rf8 37. Rxd5 Qb7 38. Rcd1 Rc7 39. a3 Bf6 40.
Qd3 Re7 41. Rd6 Be5 42. Rd8 Ree8 43. Rxe8 Rxe8 44. Kg2 Qc7 45. Qd7 Qb8 46. h4
Bg3 47. Rd2 Bh2 48. Kf1 Qe5 49. Qxe8+ Qxe8 50. Rxh2 Qb5+ 51. Re2 a5 52. bxa5
Qxc5 53. a4 Qxa5 54. Re4 Kh7 55. h5 Kg8 56. Ke2 Kf7 57. Rf4+ Ke6 58. Re4+ Kf6
59. Rf4+ Ke5 60. Rf5+ 1-0

[Event "Cto de Aragon por Equipos Preferente"]
[Site "?"]
[Date "2020.01.25"]
[Round "1.49"]
[White "Galstyan, David"]
[Black "Campo Pelegrin, Ramon"]
[Result "1/2-1/2"]
[WhiteElo "1825"]
[BlackElo "1778"]
[PlyCount "52"]
[EventDate "2020.??.??"]
[WhiteTeam "El Olivar C"]
[BlackTeam "Enroque Barbastro"]

1. e4 e5 2. Nf3 Nc6 3. Bc4 Bc5 4. c3 Nf6 5. d4 exd4 6. cxd4 Bb4+ 7. Bd2 Bxd2+
8. Nbxd2 d5 9. exd5 Nxd5 10. O-O O-O 11. Re1 Bg4 12. Nf1 Nb6 13. Be2 Qf6 14.
Ne3 Bh5 15. Rc1 Rac8 16. Rc5 Bg6 17. Ng4 Qd6 18. Bb5 Nb4 19. a3 N4d5 20. Nge5
Bh5 21. Qb3 c6 22. Be2 f6 23. Nc4 Qd7 24. Nxb6 axb6 25. Rcc1 Rfe8 26. Bc4 Bf7
1/2-1/2

[Event "Cto de Aragon por Equipos Preferente"]
[Site "?"]
[Date "2020.01.25"]
[Round "1.50"]
[White "Sanclemente Aragues, Angel"]
[Black "Labrador Postigo, Francisco M"]
[Result "0-1"]
[WhiteElo "1628"]
[BlackElo "1822"]
[PlyCount "67"]
[EventDate "2020.??.??"]
[WhiteTeam "Enroque Barbastro"]
[BlackTeam "El Olivar C"]

1. e4 c5 2. Nf3 d6 3. d4 cxd4 4. Nxd4 Nf6 5. Nc3 a6 6. Be3 e5 7. Nb3 Be6 8. Qd2
Nbd7 9. Be2 Be7 10. O-O-O b5 11. f3 Nb6 12. g4 Nc4 13. Bxc4 bxc4 14. Na1 O-O
15. g5 Nh5 16. h4 Qd7 17. Nd5 Bxd5 18. Qxd5 Qa4 19. a3 c3 20. Nb3 Rfc8 21. Qa5
cxb2+ 22. Kxb2 Qc4 23. Rd2 Rab8 24. Qd5 Qc3+ 25. Kb1 Qxe3 26. Rd3 Qb6 27. Rd2
a5 28. a4 Nf4 29. Qb5 Qxb5 30. axb5 a4 31. Nc1 Rxb5+ 32. Ka1 d5 33. exd5 Nxd5
34. Nd3 0-1

[Event "Cto de Aragon por Equipos Preferente"]
[Site "?"]
[Date "2020.01.25"]
[Round "1.51"]
[White "De La Riva Fernandez, Eduardo"]
[Black "Delgado Pascual, Hugo"]
[Result "1/2-1/2"]
[WhiteElo "1800"]
[BlackElo "1568"]
[PlyCount "59"]
[EventDate "2020.??.??"]
[WhiteTeam "El Olivar C"]
[BlackTeam "Enroque Barbastro"]

1. e4 c5 2. Nf3 d6 3. d4 Nf6 4. Nc3 cxd4 5. Nxd4 a6 6. Be2 e5 7. Nb3 Be6 8. Bg5
Be7 9. Bxf6 Bxf6 10. Nd5 Bxd5 11. Qxd5 Qc7 12. O-O O-O 13. c4 Nc6 14. Qd1 Rfd8
15. Rc1 Bg5 16. Rc3 a5 17. a4 b6 18. g3 Bf6 19. f4 exf4 20. Rcf3 Ne5 21. Rxf4
Ng6 22. Rxf6 gxf6 23. Nd4 Qc5 24. Kh1 Re8 25. Nf5 Rad8 26. Qd2 Kh8 27. Nh6 Kg7
28. Nf5+ Kh8 29. Nh6 Kg7 30. Nf5+ 1/2-1/2